Printing, writers and readers in Renaissance Italy
| Main Author: | |
|---|---|
| Format: | Print Book |
| Language: | English |
| Subito Delivery Service: | Order now. |
| Check availability: | HBZ Gateway |
| WorldCat: | WorldCat |
| Interlibrary Loan: | Interlibrary Loan for the Fachinformationsdienste (Specialized Information Services in Germany) |
| Published: |
Cambridge [u.a.]
Cambridge University Press
1999
|
| In: | Year: 1999 |
| Reviews: | [Rezension von: Richardson, Brian, Printing, Writers and Readers in Renaissance Italy] (2001) (Appuhn, Karl)
|
| Edition: | 1. publ. |
| Standardized Subjects / Keyword chains: | B
Southern Italy (motif)
/ Book production
/ Book printing
/ History 1465-1600
|
| Further subjects: | B
Book industries and trade
History
Italy
B Books and reading History Italy B Book industries and trade Italy History B Books and reading Italy History B Authors and publishers History Italy B Printing Italy History B Authors and publishers Italy History B Printing History Italy |
| Online Access: |
Publisher description Table of contents |
MARC
| LEADER | 00000cam a2200000 c 4500 | ||
|---|---|---|---|
| 001 | 267171935 | ||
| 003 | DE-627 | ||
| 005 | 20251222211802.0 | ||
| 007 | tu | ||
| 008 | 990412s1999 xxk||||| 00| ||eng c | ||
| 010 | |a 98030354 | ||
| 016 | 7 | |a b99Y6004 |2 UK | |
| 020 | |a 0521576938 |c (pbk.) |9 0-521-57693-8 | ||
| 020 | |a 0521571618 |9 0-521-57161-8 | ||
| 024 | 8 | |a 98030354 |q Identnummer | |
| 035 | |a (DE-627)267171935 | ||
| 035 | |a (DE-576)074979930 | ||
| 035 | |a (DE-599)GBV267171935 | ||
| 035 | |a (OCoLC)833530225 | ||
| 035 | |a (OCoLC)39523304 | ||
| 035 | |a (OCoLC)237347475 | ||
| 040 | |a DE-627 |b ger |c DE-627 |e rakwb | ||
| 041 | |a eng | ||
| 044 | |c XA-GB |c XD-US |c XE-AU | ||
| 050 | 0 | |a Z340 | |
| 050 | 0 | |a Z340.R53 1999 | |
| 082 | 0 | |a 306.488094509024 | |
| 082 | 0 | |a 306.4/88/094509024 | |
| 084 | |a 24,1 |a 1 |2 ssgn | ||
| 084 | |a BBI |q DE-23 |2 ssgn | ||
| 084 | |a LN 85350 |2 rvk |0 (DE-625)rvk/102450: | ||
| 084 | |a 06.25 |2 bkl | ||
| 084 | |a 06.21 |2 bkl | ||
| 100 | 1 | |0 (DE-588)138986150 |0 (DE-627)607754060 |0 (DE-576)309804647 |4 aut |a Richardson, Brian |d 1953- | |
| 109 | |a Richardson, Brian 1953- | ||
| 245 | 1 | 0 | |a Printing, writers and readers in Renaissance Italy |c Brian Richardson |
| 250 | |a 1. publ. | ||
| 264 | 1 | |a Cambridge [u.a.] |b Cambridge University Press |c 1999 | |
| 300 | |a XII, 220 S |b Ill |c 23 cm | ||
| 336 | |a Text |b txt |2 rdacontent | ||
| 337 | |a ohne Hilfsmittel zu benutzen |b n |2 rdamedia | ||
| 338 | |a Band |b nc |2 rdacarrier | ||
| 500 | |a Includes bibliographical references and index | ||
| 505 | 8 | |a Literaturverz. S. 186 - 210 | |
| 583 | 1 | |a Archivierung/Langzeitarchivierung gewährleistet |f SSG |x XA-DE-BW |2 pdager |5 DE-21 | |
| 583 | 1 | |a Archivierung prüfen |c 20240324 |f DE-4165 |z 3 |2 pdager | |
| 601 | |a Renaissance | ||
| 650 | 0 | |a Book industries and trade |x History |x Italy | |
| 650 | 0 | |a Printing |x History |x Italy | |
| 650 | 0 | |a Authors and publishers |x History |x Italy | |
| 650 | 0 | |a Books and reading |x History |x Italy | |
| 650 | 0 | |a Book industries and trade |x Italy |x History | |
| 650 | 0 | |a Printing |x Italy |x History | |
| 650 | 0 | |a Authors and publishers |x Italy |x History | |
| 650 | 0 | |a Books and reading |x Italy |x History | |
| 689 | 0 | 0 | |d g |0 (DE-588)4027833-5 |0 (DE-627)106283235 |0 (DE-576)208972501 |2 gnd |a Italien |
| 689 | 0 | 1 | |d s |0 (DE-588)4146827-2 |0 (DE-627)105581232 |0 (DE-576)209752211 |2 gnd |a Buchproduktion |
| 689 | 0 | 2 | |d s |0 (DE-588)4008598-3 |0 (DE-627)104444096 |0 (DE-576)208877258 |2 gnd |a Buchdruck |
| 689 | 0 | 3 | |q z |2 gnd |a Geschichte 1465-1600 |
| 689 | 0 | |5 (DE-627) | |
| 787 | 0 | 8 | |i Rezensiert in |a Appuhn, Karl |t [Rezension von: Richardson, Brian, Printing, Writers and Readers in Renaissance Italy] |d 2001 |w (DE-627)1802371249 |
| 856 | 4 | 2 | |u http://www.loc.gov/catdir/toc/cam023/98030354.html |x Verlag |y Table of contents |7 1 |
| 856 | 4 | 2 | |u http://www.loc.gov/catdir/description/cam029/98030354.html |x Verlag |y Publisher description |7 1 |
| 935 | |i Blocktest | ||
| 936 | r | v | |a LN 85350 |b Hochrenaissance (und Renaissance allgemein) |k Kunstgeschichte |k Kunst nach Ländern bzw. Kontinenten |k Italien |k Italienische Kunstgeschichte nach Gattungen |k Zeichnung und Grafik |k Einzelne Epochen |k Hochrenaissance (und Renaissance allgemein) |0 (DE-627)127070513X |0 (DE-625)rvk/102450: |0 (DE-576)20070513X |
| 936 | b | k | |a 06.25 |j Buchhandel |0 (DE-627)106415204 |
| 936 | b | k | |a 06.21 |j Buchgeschichte |0 (DE-627)106403605 |
| 951 | |a BO | ||
| ELC | |b 1 | ||
| ITA | |a 1 |t 1 | ||
| LOK | |0 000 xxxxxcx a22 zn 4500 | ||
| LOK | |0 001 3083423160 | ||
| LOK | |0 003 DE-627 | ||
| LOK | |0 004 267171935 | ||
| LOK | |0 005 20020416000000 | ||
| LOK | |0 008 000809||||||||||||||||ger||||||| | ||
| LOK | |0 040 |a DE-21 |c DE-627 |d DE-21 | ||
| LOK | |0 852 |a DE-21 | ||
| LOK | |0 852 1 |c 40 A 8456 |9 00 | ||
| LOK | |0 938 |l 52 |8 2 | ||
| LOK | |0 939 |a 09-08-00 |b l01 | ||
| ORI | |a SA-MARC-ixtheoa001.raw | ||
| REF | |a Druckgeschichte | ||
| REL | |a 1 | ||
| STA | 0 | 0 | |a Book printing,Printing,Book production,Southern Italy (motif),Italy,Italy,Italy,Italy,Lower Italy,Mezzogiorno,Southern Italy,Northwestern Italy |
| STB | 0 | 0 | |a Imprimerie,Production de livres,Sud de l'Italie (motif),Italie |
| STC | 0 | 0 | |a Impresión de libros,Italia,Producción libros |
| STD | 0 | 0 | |a Italia,Produzione libraria,Stampa |
| STE | 0 | 0 | |a 书籍生产,印刷 |
| STF | 0 | 0 | |a 印刷,書籍生產 |
| STG | 0 | 0 | |a Impressão de livros,Itália,Produção de livros |
| STH | 0 | 0 | |a Италия (мотив),Производство книг,Типографская печать |
| STI | 0 | 0 | |a Ιταλία (μοτίβο),Παραγωγή εκδόσεων,Τυπογραφία |
| SUB | |a REL | ||
| SYG | 0 | 0 | |a Italy , Italia,Königreich Italien,Repubblica Italiana,Italiya Respublikasi,Italijos Respublika,Olaszorszaǵ,Olasz Koz̈taŕsasaǵ,Regno d'Italia,Italienische Republik,République Italienne,Yidali-gongheguo,Italy |
| TIM | |a 100014650101_100016001231 |b Geschichte 1465-1600 | ||



